Normal view
MARC view
Entry Topical Term
001 - CONTROL NUMBER
- control field: 52665
003 - CONTROL NUMBER IDENTIFIER
- control field: OSt
005 - DATE AND TIME OF LATEST TRANSACTION
- control field: 20250505154710.0
008 - FIXED-LENGTH DATA ELEMENTS
- fixed length control field: 250505|| aca||aabn | a|a d
040 ## - CATALOGING SOURCE
- Original cataloging agency: OSt
- Transcribing agency: OSt
150 ## - HEADING--TOPICAL TERM
- Topical term or geographic name entry element: Public sector auditing, Accountability, Principal-agent, Organizational culture, Bureaucratic discretion.
670 ## - SOURCE DATA FOUND
- Source citation: Work cat.: (OSt): Natan-Krup, Dana and Mizrahi, Shlomo 52664, Public accountability and bureaucratic discretion: Why do internal auditors stretch the boundaries of their role?
